Pokémon - Jeu des badges - Statistiques

Statistiques générales
  • Ce quiz a été pris 1 812 fois
  • Le résultat moyen est 26 sur 53
Réponses sur la Carte
Les réponses sont colorées sur une échelle allant du rouge au vert en fonction du pourcentage des utilisateurs qui les ont devinées à leur premier essai. Vous pouvez retrouver ces pourcentages ci-dessous.
 
Statistiques - réponses
Question Réponse % Correct
Souris de type électrique qui devient détective dans un film en 2019 Pikachu (R)
99%
Pays de naissance de Satoshi Tajiri, créateur de Pokémon Japon (O)
98%
Console de jeu sur laquelle sont sorties les premières versions de Pokémon La Gameboy (Y)
97%
Organisation criminelle de Kanto dont sont membres Jessie, James et Miaouss La Team Rocket (E)
97%
Championne d'Azuria qui accompagne Sacha dans le dessin animé afin qu'il lui rembourse sa bicyclette cassée Ondine (S)
95%
Code pour déverrouiller le badge Oryse
90%
Objet permettant à Caninos d'évoluer en Arcanin La Pierre Feu (A)
81%
Version complémentaire à Pokémon Vert Feuille sortie en 2004 Rouge Feu (E)
80%
Pokémon de type Dragon/Sol emblématique de Cynthia Carchacrok (U)
77%
Période de la journée lors de laquelle Farfuret peut évoluer en Dimoret Nuit (N)
74%
Pokémon de départ dans Pokemon X et Y avec Marisson et Grenousse Feunnec (E)
72%
🧲3️⃣⚡ Magnéton (S)
70%
Ville de Kanto où se situe le paquebot L'Océane Carmin-sur-mer (C)
68%
👻🟣👶 Fantominus (T)
67%
🐇⚽🔥 Pyrobut (A)
65%
🍒☀️🌸 Ceriflor (I)
63%
Présent le plus de fois en tant que combattant dans la série Super Smash Bros. (3) Pikachu, Rondoudou (G)
63%
Pokémon obtenable ayant la meilleure statistique de défense de base Caratroc (R)
60%
Attaque de type feu que seuls Ho-oh et Entei peuvent apprendre (Hors cas particulier comme Queulorior) Feu sacré (K)
60%
➕🔴🐭 Posipi (O)
59%
Nom du célèbre professeur de la région de Johto Orme (E)
58%
N'est pas l'évolution de "Machu" Pichu (R)
55%
Code pour déverrouiller le badge Latios
54%
Attaque uniquement utilisable lorsque le Pokémon n'a plus de PP Lutte (L)
54%
Membre du Conseil 4 de la Ligue Indigo expert du type combat Aldo (S)
52%
Type de baie partageant son nom avec une ville portuaire d'Algérie Oran (E)
49%
😴🎺📻 Ronflex (L)
48%
Code pour déverrouiller le badge Raichu
46%
Premier Pokémon créé par Satoshi Tajiri Rhinoféros (R)
44%
Championne de Parsemille, spécialisée dans le type Vol Carolina (I)
42%
Objet apparu lors de la cinquième génération obligeant le Pokémon adverse à céder sa place à un autre Pokémon lorsqu'il touche le porteur Le Carton Rouge (H)
42%
Pokémon ayant eut une carte traduisant son nom en "Deuxmiaou" en français Mewtwo (M)
42%
Seul talent que peut posséder Monaflèmit Absentéisme (A)
41%
Code pour déverrouiller le badge Ekaeka
39%
Attaque signature de Boumata Carapiège (A)
36%
Premier Pokémon envoyé par la championne Mélina dans Pokémon Diamant, Perle et Platine (3) Meditikka, Machopeur (A)
36%
Attaque de type normal gagnant 40 de puissance après chaque utilisation Echo (R)
34%
Championne de Méanville à Unys Inezia (I)
32%
Code pour déverrouiller le badge Serena
32%
Code pour déverrouiller le badge Marill
31%
Objet à usage unique augmentant de 50% la première capacité feu utilisée Le Joyau Feu (K)
28%
Plus haut placé au classement du Pokémon de l'année 2020 (2) Amphinobi (A)
27%
Le frère de Tatia n'a pas raison Léviator (E)
26%
Classe de dresseurs apparue lors de la deuxième génération qui possède des Pokémon de type feu ou poison Crache-Feu (A)
25%
Dernier Pokémon non-légendaire à avoir eu un film d'animation à son nom (2) Zoroark (R)
23%
Code pour déverrouiller le badge Galar
22%
Pokémon le plus utilisé par Bouledisco dans Pokémon XD : le Souffle des Ténèbres Ludicolo (L)
19%
Premier Pokémon de la 4ème génération présent dans les jeux vidéo (3) Goinfrex, Manzai (L)
15%
Personnage héros du jeu Pokémon Snap sur Nintendo 64 Todd (A)
14%
Oiseau également inspecteur de police Colombeau (E)
13%
Bus pour petits insectes Carapuce (P)
10%
Code pour déverrouiller le badge Perle
7%
Où se trouve le chef de la ville ? Wailmer (L)
5%
Aucun quiz correspondant
Distribution des résultats
% des personnes avec chaque résultat
Percentile par nombre de réponses
Votre historique - résultats
Vous n’avez pas pris ce quiz